| 000 | 03896nam0a2200445 4500 | ||
|---|---|---|---|
| 001 | RU\NLR\BIBL_A\012680843 | ||
| 005 | 20250624113507.0 | ||
| 010 |
_a978-5-00189-377-6 _940 |
||
| 021 |
_aRU _b2021-61339 _9КН-П-4803 |
||
| 035 | _a(RuMoRGB)010795130 | ||
| 035 | _a(NLR Aleph) 012680843 | ||
| 090 |
_a12814533 _c12814533 |
||
| 100 | _a20220111d2021 |||y0rusy50 ca | ||
| 101 | 0 |
_arus _aspa |
|
| 102 | _aRU | ||
| 105 | _aa|||z|||000gy | ||
| 181 | 0 |
_ai3 _baxxe |
|
| 182 | 0 | _an | |
| 200 | 1 |
_aРаздумья по дороге жизни _dReflexiones en el camino de la vida _eсборник стихов _fАндрей Будаев _zspa |
|
| 203 |
_aТекст _bвизуальный _cнепосредственный |
||
| 210 |
_aМосква _cПеро _d2021 |
||
| 215 |
_a221 с. _cил. _d19 |
||
| 300 | _aАвт. также исп.: Andrey Budaev | ||
| 300 | _aНа 4-й с. обл. авт.: Будаев А.В., канд. полит. наук | ||
| 300 | _aНа тит. с. в вых. дан.: Монтевидео, июль 2021 | ||
| 300 | _aТекст рус., исп. | ||
| 327 | 1 | _aСодерж.: циклы: Герои нашего времени; Загадочная и неповторимая природа; Страны, города и веси; Далёкие и близкие; Полёты во сне и наяву; Ангелы и демоны; Чувства, впечатления и ощущения | |
| 330 | _aДипломат, специалист-международник, кандидат политических наук. Родился в Москве в 1960 г. После окончания в 1982 г. Московского государственного института международных отношений (МГИМО) работает в Министерстве иностранных дел. Находился в служебных командировках в посольствах нашей страны в Эквадоре, Колумбии, Чили. В 2003-2004 гг. и 2009-2010 гг. работал начальником отдела Кубы и карибских стран Латиноамериканского департамента МИД России. В 2004-2008 гг. был советником-посланником российского посольства в Колумбии. С 2010 г. по 2015 г. являлся Генеральным консулом Российской Федерации в Рио-де-Жанейро (Бразилия). В 2016-2020 гг. - Посол России в Никарагуа и по совместительству в Гондурасе и Сальвадоре. С 2020 г. назначен Послом России в Уругвае и наблюдателем Российской Федерации при Комитете представителей Латиноамериканской ассоциации интеграции по совместительству. Автор ряда книг и публикаций о российско-латиноамериканских отношениях и некоторых аспектах внешней политики России | ||
| 510 | 1 |
_6z11790 _aReflexiones en el camino de la vida _zspa |
|
| 675 |
_a821.161.1-1 _v4 |
||
| 686 | 2 | _aШ6(2=Р)8-5 | |
| 686 | 2 | _aШ6(2=Р)87исп. | |
| 700 | 1 |
_7ca _8rus _aБудаев _bА. В. _cдипломат, канд. полит. наук _f1960- _gАндрей Владимирович _9152559 _3RU\NLR\AUTH\770152597 |
|
| 790 | 1 |
_7ba _8rus _aBudaev _bА. V. _cдипломат, канд. полит. наук _f1960- _gAndrej Vladimirovič _9152560 _3RU\NLR\AUTH\770152598 |
|
| 942 | _cBOOK | ||
| 980 | _aNB | ||